Normal view
MARC view
- إعداد خضر عكاوي، مقدر عكروش؛ عطالله دواني وآخرون
Entry Personal Name
001 - CONTROL NUMBER
- control field: 51538
003 - CONTROL NUMBER IDENTIFIER
- control field: JO-AjAnu
005 - DATE AND TIME OF LATEST TRANSACTION
- control field: 20230606082458.0
008 - FIXED-LENGTH DATA ELEMENTS
- fixed length control field: 230606|| aca||aabn | a|a d
040 ## - CATALOGING SOURCE
- Original cataloging agency: JO-AjAnu
- Transcribing agency: JO-AjAnu
100 ## - HEADING--PERSONAL NAME
- Personal name: إعداد خضر عكاوي، مقدر عكروش؛ عطالله دواني وآخرون
670 ## - SOURCE DATA FOUND
- Source citation: Work cat.: (JO-AjAnu)26343: إعداد خضر عكاوي، مقدر عكروش؛ عطالله دواني وآخرون, author, مجلس البناء الوطني الأردني، وزارة الأشغال العامة والإسكان: كود مواد البناء واستعمالاتها في صناعة البناء